<?xml version="1.0" encoding="UTF-8"?>
<record
    xmlns:xsi="http://www.w3.org/2001/XMLSchema-instance"
    xsi:schemaLocation="http://www.loc.gov/MARC21/slim http://www.loc.gov/standards/marcxml/schema/MARC21slim.xsd"
    xmlns="http://www.loc.gov/MARC21/slim">

  <leader>01306nam a2200265 i 4500</leader>
  <controlfield tag="003">OSt</controlfield>
  <controlfield tag="005">20211102112142.0</controlfield>
  <controlfield tag="008">211102s2019    nyu    e      000 f eng d</controlfield>
  <datafield tag="020" ind1=" " ind2=" ">
    <subfield code="a">9780525541851</subfield>
    <subfield code="c">RM79.95</subfield>
    <subfield code="q">paperback</subfield>
  </datafield>
  <datafield tag="040" ind1=" " ind2=" ">
    <subfield code="a">PPAK</subfield>
    <subfield code="b">eng</subfield>
    <subfield code="c">PPAK</subfield>
    <subfield code="e">rda</subfield>
  </datafield>
  <datafield tag="082" ind1="0" ind2="4">
    <subfield code="2">23</subfield>
    <subfield code="a">813.6</subfield>
  </datafield>
  <datafield tag="090" ind1="0" ind2="0">
    <subfield code="a">813.6</subfield>
    <subfield code="b">GRE</subfield>
    <subfield code="d">G</subfield>
  </datafield>
  <datafield tag="100" ind1="1" ind2=" ">
    <subfield code="a">Greenwood, Bryn,</subfield>
    <subfield code="e">author.</subfield>
  </datafield>
  <datafield tag="245" ind1="1" ind2="4">
    <subfield code="a">the reckless oath we made /</subfield>
    <subfield code="c">BRYN GREENWOOD</subfield>
  </datafield>
  <datafield tag="264" ind1=" " ind2="1">
    <subfield code="a">New York :</subfield>
    <subfield code="b">Putnam's Sons, </subfield>
    <subfield code="c">2020.</subfield>
  </datafield>
  <datafield tag="300" ind1=" " ind2=" ">
    <subfield code="a">452 pages ;</subfield>
    <subfield code="c">21 cm</subfield>
  </datafield>
  <datafield tag="336" ind1=" " ind2=" ">
    <subfield code="2">rdacontent</subfield>
    <subfield code="a">text</subfield>
  </datafield>
  <datafield tag="337" ind1=" " ind2=" ">
    <subfield code="2">rdamedia</subfield>
    <subfield code="a">unmediated</subfield>
  </datafield>
  <datafield tag="338" ind1=" " ind2=" ">
    <subfield code="2">rdacarrier</subfield>
    <subfield code="a">volume</subfield>
  </datafield>
  <datafield tag="520" ind1=" " ind2=" ">
    <subfield code="a">Their journey will break them - or save them. A moving and complicated love story for our time, The Reckless Oath We Made redefines what it means to be heroic. Zee has never admitted to needing anybody. But she needs Gentry. Her tough exterior shelters a heart that's loyal to the point of self-destruction, while autistic Gentry wears his heart on his sleeve, including his desire to protect Zee at all costs. When an abduction tears Zee's family apart, she turns to Gentry - and sets in motion a journey and a love that will change their lives forever</subfield>
  </datafield>
  <datafield tag="650" ind1="1" ind2="0">
    <subfield code="a">Man-woman relationships </subfield>
    <subfield code="v">Fiction.</subfield>
  </datafield>
  <datafield tag="650" ind1="2" ind2="0">
    <subfield code="a">Kidnapping </subfield>
    <subfield code="v">Fiction.</subfield>
  </datafield>
  <datafield tag="655" ind1="7" ind2=" ">
    <subfield code="a">Domestic fiction</subfield>
  </datafield>
  <datafield tag="942" ind1=" " ind2=" ">
    <subfield code="2">ddc</subfield>
    <subfield code="c">B</subfield>
  </datafield>
  <datafield tag="999" ind1=" " ind2=" ">
    <subfield code="c">185838</subfield>
    <subfield code="d">185838</subfield>
  </datafield>
  <datafield tag="952" ind1=" " ind2=" ">
    <subfield code="0">0</subfield>
    <subfield code="7">0</subfield>
    <subfield code="b">PPAK</subfield>
    <subfield code="c">G</subfield>
    <subfield code="d">2021-11-14</subfield>
    <subfield code="l">2</subfield>
    <subfield code="m">1</subfield>
    <subfield code="o">813.6 GRE</subfield>
    <subfield code="p">A01709600</subfield>
    <subfield code="r">2022-07-13 00:00:00</subfield>
    <subfield code="s">2022-06-20</subfield>
    <subfield code="y">B</subfield>
  </datafield>
  <datafield tag="952" ind1=" " ind2=" ">
    <subfield code="0">0</subfield>
    <subfield code="7">0</subfield>
    <subfield code="b">SP</subfield>
    <subfield code="c">G</subfield>
    <subfield code="d">2021-11-14</subfield>
    <subfield code="l">4</subfield>
    <subfield code="m">1</subfield>
    <subfield code="o">813.6 GRE</subfield>
    <subfield code="p">A01709601</subfield>
    <subfield code="r">2023-07-04 11:16:37</subfield>
    <subfield code="s">2023-06-06</subfield>
    <subfield code="y">B</subfield>
  </datafield>
  <datafield tag="952" ind1=" " ind2=" ">
    <subfield code="0">0</subfield>
    <subfield code="7">0</subfield>
    <subfield code="b">JT</subfield>
    <subfield code="c">G</subfield>
    <subfield code="d">2021-11-14</subfield>
    <subfield code="o">813.6 GRE</subfield>
    <subfield code="p">A01709602</subfield>
    <subfield code="r">2021-11-14 00:00:00</subfield>
    <subfield code="y">B</subfield>
  </datafield>
  <datafield tag="952" ind1=" " ind2=" ">
    <subfield code="0">0</subfield>
    <subfield code="7">0</subfield>
    <subfield code="b">LW</subfield>
    <subfield code="c">G</subfield>
    <subfield code="d">2021-11-14</subfield>
    <subfield code="l">2</subfield>
    <subfield code="o">813.6 GRE</subfield>
    <subfield code="p">A01709603</subfield>
    <subfield code="r">2024-01-09 14:40:23</subfield>
    <subfield code="s">2024-01-07</subfield>
    <subfield code="y">B</subfield>
  </datafield>
  <datafield tag="952" ind1=" " ind2=" ">
    <subfield code="0">0</subfield>
    <subfield code="7">0</subfield>
    <subfield code="b">KM</subfield>
    <subfield code="c">G</subfield>
    <subfield code="d">2021-11-14</subfield>
    <subfield code="l">9</subfield>
    <subfield code="m">8</subfield>
    <subfield code="o">813.6 GRE</subfield>
    <subfield code="p">A01709604</subfield>
    <subfield code="r">2023-11-21 15:04:16</subfield>
    <subfield code="s">2023-10-08</subfield>
    <subfield code="y">B</subfield>
  </datafield>
</record>
